01810nam a22003374a 4500001000500000005001700005006001900022007000300041008004100044020001800085040000900103041000800112082002100120100002900141245005600170246002200226250002000248260002600268300002500294505044000319650002500759650003200784650002300816942004900839952010500888952010500993952011901098952011901217952011901336999001701455UTEA20240914014736.0g||||gr||||||01 nzta200208b es ||||| |||| 00| 0 spa d a9788441539150 aUTEA aspa a658.84bG74 2017 aIñaki GorostizaeAutor aGoogle Tag Manager b: mide y vencerásh[Impreso] cIñaki Gorostiza a1a. edición : aMadrid,bAnaya,c2017 a271 pàginasc25 cm aIntroducción -- Google Tag Manager dentro del plan de analítica digital -- La interfaz de Google Tag Manager -- Administración Google Tag Manager -- Conceptos básicos en Google Tag Manager -- Publicación y control de versiones -- Vista previa y depuración del contenido en GTM -- Etiquetas -- Los activadores de Google Tag Manager -- Las variables en Google Tag Manager -- Dom scraping -- Data layer -- Ejemplos prácticos aDom scraping 944753 aEjemplos prácticos944754 aData layer 944755 cBKe2024-09-13zLizbeth Cañari Quispe2ddc 00102ddc40708EPISF1aBABAbBABAcSALA1d2020-02-08eCPo658.84 G74 2017pBABA20020316tej. 1yBK 00102ddc40708EPISF1aBABAbBABAcSALA1d2020-02-08eCPo658.84 G74 2017pBABA20020507tej. 2yBK 00102ddc40708EPISF1aBCUSbBCUScBiblioteca Puputid2024-09-13eCPo658.84 G74 2017pBCUS20020508tej. 1yBKk 00102ddc40708EPISF1aBCUSbBCUScBiblioteca Puputid2024-09-13eCPo658.84 G74 2017pBCUS20020509tej. 2yBKk 00102ddc40708EPISF1aBCUSbBCUScBiblioteca Puputid2024-09-13eCPo658.84 G74 2017pBCUS24020214tej. 3yBKk c14933d14933